00845 2200205 4500001002100000005001500021035002000036007000300056008004100059020002200100082000800122084001400130100003200144245009800176260003100274300004900305700003000354700003200384520022300416INLIS00000000000233020260406021050 a0010-0426000008ta260406 j 0 ind  a978-602-467-896-8 a503 a503 TES g0 aTessa Febiani ( Pengarang )1 aGaya, listrik, logam, dan nonlogam /cTessa Febiani; editor, Ayu Prameswary, Windrati Hapsari aJakarta :bErlangga,c2023 a32 hlm :biIus,bergambar,berwarna ;c28,5 cm0 aAyu Prameswary ( Editor )0 aWindrati Hapsari ( Editor ) aKenapa kita membutuhkan gaya untuk memindahkan benda ? Apa itu logam paduan dan logam paduan super ? Bagaimana listrik diproduksi ? Cari tahu segala hal tentang gaya,listrik,logam dan nonlogam dalam ensiklopedia ini !.